00824nam a22002417a 450000500170000001000110001702000210002803500110004903700160006004000120007608200160008810000220010424501040012626000280023027000110025830000240026950000510029365000400034465000330038494200250041799900190044295201210046120170124110020.0 a643307 c00.00a333044215 a643307 bCen Lib/Ret aDPLbEN a658.15bGOL aGold, Bela919603 aExplorations in managerial economics :cby Bela Goldbproductivity, costs, technology, and growth / aLondonbMacmillanc1971 bLondon aix,2978p.c21cm(Hb) aIncludes bibliographical references and index  aProduction (Economic theory)919604 aIndustrial management919605 2ddccENh658.15mGOL c127162d127162 00104070aLbLd2015-06-27eCen Lib/Retg0.00l0o658.15 GOLp643307r2015-06-27 00:00:00t1v0.00w2015-06-27yEN